[Event "BRA-ch U14"]
[Site "Florianopolis"]
[Date "2019.04.19"]
[Round "2"]
[White "Saraiva, Gustavo Pinto"]
[Black "De Vasconcellos, Natan de Mattia"]
[Result "0-1"]
[WhiteElo "1258"]
[BlackElo "1705"]
[PlyCount "114"]
[EventDate "2019.04.18"]
[EventType "swiss"]
[EventRounds "6"]
[EventCountry "BRA"]
[SourceTitle "CBM 190 Extra"]
[Source "ChessBase"]
[SourceDate "2019.07.15"]
[SourceVersion "1"]
[SourceVersionDate "2019.07.15"]
[SourceQuality "1"]

1. d4 d5 2. Nf3 Nc6 3. Bf4 e6 4. e3 Nf6 5. Bd3 h6 6. 0-0 Bd6 7. Bxd6 Qxd6 8. h3 e5 9. dxe5 Nxe5 10. Nxe5 Qxe5 11. c3 0-0 12. Nd2 Re8 13. Nf3 Qd6 14. c4 Be6 15. Qc2 Rad8 16. Rad1 c6 17. b3 Qd7 18. Ne5 Qc7 19. Nf3 Re7 20. Rd2 dxc4 21. Bxc4 Rxd2 22. Nxd2 Bxc4 23. Nxc4 b5 24. Nd2 Rd7 25. Nf3 Nd5 26. a3 c5 27. Rc1 Nf6 28. Qxc5 Rd1+ 29. Rxd1 Qxc5 30. a4 bxa4 31. bxa4 Qc2 32. Rd4 Ne4 33. Kh2 Nc3 34. Rc4 Qb2 35. Rc8+ Kh7 36. Ne5 f6 37. Nc4 Qxf2 38. Ra8 Nxa4 39. Rxa7 Nc3 40. Rd7 Qe2 41. Rd4 Nb5 42. Rf4 g5 43. Re4 Qd1 44. Re7+ Kg6 45. Re6 Kf5 46. Rb6 Nc7 47. Rc6 Ne8 48. e4+ Kg6 49. Ne5+ Kg7 50. Nf3 Qd7 51. Ra6 Qb7 52. Re6 Qc7+ 53. e5 fxe5 54. Nxe5 Nf6 55. Kh1 Kh7 56. Nc6 Ng8 57. Ne5 Qc1+ 0-1